Deutschland nach Buchstabe - F - Statistiken

Allgemein
  • Dieses Quiz wurde 169 mal gespielt
  • Das Durchschnittsergebnis liegt bei 12 aus 15
Antwortstatistiken
Frage Antwort % Korrekt
Welchen Namen trägt sowohl eine Stadt am Main, als auch eine Stadt an der Oder? Frankfurt
100%
Welchen Namen trugen einige deutsche Adlige, als auch der aktuelle Bundeskanzler? Friedrich
94%
Welcher Nadelbaum wächst häufig in Gebirgsregionen? Fichte
92%
Wie heißt die größe Stadt im Breisgau? Freiburg
89%
In welcher nordbayerischen Region liegt Nürnberg? Franken
83%
Was sind Sachsen, Thüringen und Bayern? Freistaat
83%
Für welches Fortbewegungsmittel ist Münster bekannt? Fahrrad
82%
Was sind Hurricane, Parookaville und Wacken? Festival
81%
Über welche Krise sagte Angela Merkel 2015 "Wir schaffen das!"? Flüchtlingskrise
76%
Der Bundesminister für welches Ressort ist Lars Klingbeil? Finanzen
74%
Welches Medium gibt es in Deutschland seit 1935? Fernsehen
69%
Für welche Bauart von Häusern sind u.a. Sachsen-Anhalt und Hessen bekannt? Fachwerk
68%
Welches katholische Fest wird 60 Tage nach Ostern gefeiert? Fronleichnam
67%
Welche deutsche Insel kennt man im Zusammenhang mit Belt und Sund? Fehmarn
63%
Welcher Vertrag beendete den 1. Weltkrieg? Friedensvertrag von Versailles
45%
Keine übereinstimmenden Quizze gefunden
Verteilung der Resultate
Anzahl Personen mit jedem Resultat
Perzentil nach korrekt beantworteten Fragen
Ihre Resultats-Entwicklung
Sie haben dieses Quiz noch nicht gespielt